000 01462 a2200253 4500
003 Nust
005 20230306120149.0
010 _a 86009129
020 _a9971501066
040 _cNust
082 0 0 _a338.1926, HAS
245 0 0 _aSouth-South and South-North cooperation in sciences :
_bproceedings of the conference organised by the Third World Academy of Sciences, Trieste, Italy, 5-10 July 1985 /
_cedited by A. Hamende, M. Hassan & K.K. Phua.
260 _aSingapore ;
_aPhiladelphia :
_bWorld Scientific,
_cc1986.
300 _axii, 507 p. :
_bill. ;
_c26 cm.
505 _aPreface And Messages From Heads Of State (Page-5), Opening Ceremony (Page-29), Modalities Of South-South And South-North Cooperation Through Science Academies And Research Councils (Page-65), Role Of International And Non Governmental Organization In Building Up Science In The South (Page-137), Role Of International Networks (Page-203), Role Of Science Centres In Building Up Science In The South (Page-267), Science Teaching (Page-317), Special Lectures (Page-331), Concluding Remarks (Page-439).
650 0 _aInternational agencies
_xCongresses.
_9109842
650 0 _aScience
_xInternational cooperation
_xCongresses.
_9109843
650 0 _aScience
_zDeveloping countries
_xCongresses.
_9109844
700 1 _aHamende, A. M.
_9109845
700 1 _aM. Hassan.
_9109846
700 1 _aPhua, K. K.
_9109847
710 2 _aThird World Academy of Sciences.
_9109848
942 _2ddc
_cBK
999 _c178625
_d178625